000 00912nmm a2200277 a 4500
001 ocm0001162376
003 TR-IsHL
005 20201028154243.0
008 150709s2009 tu tur
007 cr cn
020 _a9789944313421
035 _a1162376
_b(N$T)
050 0 4 _aBL639
_b.M86 2009
090 0 4 _aBL639
_b.M86 2009
100 1 _aMunisoğlu, İbrahim Urfi
245 1 0 _aSon söz: Yahudilik, Hıristiyanlık ve İslam
_h[electronic resource] /
_cİbrahim Urfi Munisoğlu
260 _aİstanbul :
_bYalın Yayıncılık,
_c2009
300 _a138 p.
500 _aDizin var.
_x
650 4 _aFelsefe, Psikoloji ve Din
650 4 _aPhilosophy, Psychology and Religion
650 0 _aDinler
_x Tarih
650 0 _aReligions
_x History
650 7 _aRELIGION / History
_2bisacsh
856 4 0 _uhttp://search.ebscohost.com/login.aspx?direct=true&scope=site&db=e011xww&AN=1162376
999 _c12480
_d12480